La narración de una pesadilla como re-actuación del escenario traumático originario /
El artículo analiza cómo la narración de una pesadilla puede funcionar como una re-actuación del escenario traumático original en la vida de un individuo. A través de un enfoque psicoanalítico, se explora cómo las pesadillas pueden estar relacionadas con experiencias traumáticas pasadas y cómo su na...
Guardado en:
| Autor principal: | |
|---|---|
| Formato: | Texto |
| Lenguaje: | Spanish |
| Materias: | |
| Etiquetas: |
Agregar Etiqueta
Sin Etiquetas, Sea el primero en etiquetar este registro!
|
MARC
| LEADER | 00000 a a2200000 04500 | ||
|---|---|---|---|
| 001 | 46756 | ||
| 003 | cru IIS | ||
| 005 | 20230830185033.0 | ||
| 008 | 230830b |||||||| |||| 00| 0 spa d | ||
| 040 | |c A | ||
| 100 | |a Barahona, Rodrigo | ||
| 245 | |a La narración de una pesadilla como re-actuación del escenario traumático originario / |c Rodrigo Barahona | ||
| 520 | |a El artículo analiza cómo la narración de una pesadilla puede funcionar como una re-actuación del escenario traumático original en la vida de un individuo. A través de un enfoque psicoanalítico, se explora cómo las pesadillas pueden estar relacionadas con experiencias traumáticas pasadas y cómo su narración puede ser una forma de procesar y revivir emocionalmente esos eventos. Se examina cómo las imágenes y símbolos en las pesadillas pueden reflejar los aspectos subyacentes del trauma y cómo la re-actuación en la narración puede ser una forma de expresión emocional y búsqueda de significado. El artículo destaca la importancia de comprender el papel de las pesadillas en la re-actuación de traumas pasados y cómo esta dinámica puede influir en la psicología del individuo. RAR | ||
| 650 | 0 | |2 OCDE |9 5457 |a PSICOANALISIS | |
| 650 | 0 | |2 UNESCO |9 5609 |a NARRATIVA | |
| 773 | |g número8, (2008), páginas 16-36 | ||
| 942 | |2 ddc |c REF | ||
| 999 | |c 36081 |d 36081 | ||
